Airlines by Alliance - Statistics

General Stats
  • This quiz has been taken 1,078 times
  • The average score is 16 of 20
Answer Stats
Airline Alliance % Correct
British Airways Oneworld
93%
Qantas Oneworld
91%
Delta Air Lines SkyTeam
90%
Air France SkyTeam
88%
Scandinavian Airlines Star Alliance
88%
Singapore Airlines Star Alliance
87%
Lufthansa Star Alliance
86%
American Airlines Oneworld
85%
KLM SkyTeam
84%
Austrian Airlines Star Alliance
83%
Aeroméxico SkyTeam
82%
China Southern Airlines SkyTeam
78%
Air New Zealand Star Alliance
78%
S7 Airlines Oneworld
74%
Cathay Pacific Oneworld
74%
LOT Polish Airlines Star Alliance
73%
All Nippon Airways Star Alliance
70%
LAN Airlines Oneworld
62%
Korean Air SkyTeam
61%
Air China Star Alliance
58%
No matching quizzes found
Score Distribution
Percent of People with Each Score
Percentile by Number Answered
Your Score History
You have not taken this quiz